| 000 | 00487nam a2200193Ia 4500 | ||
|---|---|---|---|
| 005 | 20140428101625.0 | ||
| 008 | 140130s9999 xx 000 0 und d | ||
| 020 | _a0439351782 | ||
| 050 |
_aG 175 _b.N355 2002 |
||
| 100 |
_aDavid, Neufeld _931343 |
||
| 245 |
_cDavid Neufeld. _aGreat explorations / |
||
| 260 |
_bScholastic, _c2002 _aUSA : |
||
| 300 |
_a16 p. : _bcol. ill. ; _c23 cm. |
||
| 440 |
_v1 _931174 |
||
| 521 | _aG5 | ||
| 526 | _c770 | ||
| 942 |
_cBK _2lcc |
||
| 999 |
_c41108 _d41108 |
||